Žilinský ložiskár Štvrťročník pracovníkov akciovej spoločnosti ZVL Žilina

Bibliographic Details
Other Authors: Benčík, Ladislav (Publishing director), Žiačik, Jaroslav (Publishing director)
Format: Newspaper
Language:Slovak
PhysicalDescription:4 zv. 35 cm
Published: Žilina ZVL š. p., OZ KOVO 1990-1993
Subjects:

MARC

LEADER 00000cas a2200000 a 4500
001 vtls008884353
003 SK-MaSNL
005 20260228162244.0
008 030127c19901993xo mr na 0 0 b0sloo
035 |a (SVKBB03)vtls000148643 
040 |a SVKBB  |b slo  |c SVKBB  |d SNK  |e AACR2 
041 0 |a slo 
044 |a xo  |c SK 
072 7 |a 621  |x Strojárstvo  |2 konspekt 
072 7 |a 070  |x Noviny. Tlač. Žurnalistika  |2 konspekt 
072 7 |a 316  |x Sociológia  |2 konspekt 
080 |a 070.489  |2 2001 
080 |a 621.822  |2 2011 
080 |a 316.728  |2 2011 
245 0 0 |a Žilinský ložiskár  |b Štvrťročník pracovníkov akciovej spoločnosti ZVL Žilina 
260 |a Žilina  |b ZVL š. p., OZ KOVO  |c 1990-1993 
300 |c 4 zv.  |c 35 cm 
310 |a 1x mesašne 
362 0 |a Roč. 1, č. 1 (1990)-roč. 4, č. 1 (1993) 
500 |a Šéfredaktor: (1990-8/1992) Ladislav Benčík; (9/1992-1993) Jaroslav Žiačik 
500 |a Registrácia: KNV Banská Bystrica registračné č. SKP 37 
610 2 7 |a Závody valivých ložísk (Žilina, Slovensko)  |2 SNKKA  |9 270658 
650 0 7 |a strojárstvo  |2 SNKPH  |9 674 
650 0 7 |a spoločenský život  |2 SNKPH  |9 28654 
655 7 |a podnikové časopisy  |2 SNKPH  |9 265225 
700 1 |a Benčík, Ladislav  |4 pbd  |9 270659 
700 1 |a Žiačik, Jaroslav  |4 pbd  |9 270660 
910 |a snk 
910 |a svkbb 
999 |c 7306  |d 9236 
952 |0 0  |1 0  |4 0  |7 0  |a SNK  |b SNK  |d 2022-08-08  |i snkČSP 4154/94  |l 0  |o snkČSB 4401/1/1990  |p 17A1463758  |r 2026-02-21 20:02:16  |t č. 1-5  |w 2026-02-21  |y PREZ 
952 |0 0  |1 0  |4 0  |7 0  |a SNK  |b SNK  |d 2022-08-08  |i snkČSP 4604/94  |l 0  |o snkČSB 4401/2/1991  |p 17A0938868  |r 2026-02-21 20:02:16  |t č. 1-12  |w 2026-02-21  |y PREZ 
952 |0 0  |1 0  |4 0  |7 0  |a SNK  |b SNK  |d 2022-08-08  |i snkČSP 4606/94  |l 0  |o snkČSB 4401/3/1992  |p 17A0938894  |r 2026-02-21 20:02:16  |t č. 1-12, neúplné  |w 2026-02-21  |y PREZ  |z Chýba č. 3 ; ; Č. 8/92 nevydali 
952 |0 0  |1 0  |4 0  |7 0  |a SNK  |b SNK  |d 2022-08-08  |i snkČSP 4152/94  |l 0  |o snkČSB 4401/4/1993  |p 17A0938935  |r 2026-02-21 20:02:16  |t č. 1  |w 2026-02-21  |y PREZ